[Event "Moscow Open D University Women"]
[Site "Moscow RUS"]
[Date "2011.02.06"]
[Round "9.6"]
[White "Bulatkhanova, Bika"]
[Black "Niks, Yana"]
[Result "1-0"]
[WhiteTitle "WFM"]
[WhiteElo "1978"]
[BlackElo "1878"]
[WhiteFideId "24125628"]
[BlackFideId "24117943"]
[EventDate "2011.01.29"]

1. d3 Nf6 2. Nf3 g6 3. g3 Bg7 4. Bg2 O-O 5. O-O d5 6. c3 c6 7. Nbd2 Nbd7 8. Qc2
e5 9. e4 dxe4 10. dxe4 Qc7 11. Rd1 Nc5 12. b4 Ncd7 13. Nc4 Nh5 14. Be3 Nb6 15.
Nd6 Rd8 16. Nxc8 Raxc8 17. c4 Rxd1+ 18. Rxd1 Rd8 19. Rxd8+ Qxd8 20. c5 Nc8 21.
Qb3 Qd7 22. Ng5 Qe8 23. Bh3 Ne7 24. Nxf7 Qb8 25. Nxe5+ Kh8 26. Nf7+ Kg8 27. Nd6+
Kh8 28. Bg5 Bf8 29. Nf7+ Kg8 30. Nd6+ Kh8 31. Qf7 Ng8 32. Ne8 Bh6 33. Be6 1-0

[Event "Moscow Open D University Women"]
[Site "Moscow RUS"]
[Date "2011.02.06"]
[Round "9.7"]
[White "Chukhlantseva, Anna"]
[Black "Forova, Tatiana"]
[Result "0-1"]
[WhiteElo "1942"]
[BlackElo "1912"]
[WhiteFideId "4113594"]
[BlackFideId "24117765"]
[EventDate "2011.01.29"]

1. e4 c5 2. Nf3 Nc6 3. d4 cxd4 4. Nxd4 Nf6 5. Nc3 g6 6. Be2 Bg7 7. Be3 O-O 8.
O-O d6 9. Kh1 a6 10. f4 Qc7 11. Bf3 Bd7 12. Qe2 Rac8 13. Rad1 b5 14. a3 Na5 15.
g4 Nc4 16. Bc1 e6 17. Nb1 e5 18. Nb3 Rfd8 19. c3 Bc6 20. g5 Nd7 21. f5 Ndb6 22.
Bg4 Rb8 23. N1d2 Qb7 24. Rde1 d5 25. Nc5 Qa8 26. fxg6 hxg6 27. Ne6 Nxd2 28. Bxd2
dxe4 29. Nxd8 Rxd8 30. Be3 Nc4 31. Rd1 Rd3 32. Bc5 Qd8 33. h4 Qd5 34. Bg1 Nd2
35. Kh2 Nxf1+ 36. Qxf1 Rd2+ 37. Be2 Qd3 38. Rxd2 Qxd2 39. b4 Qxc3 40. Qd1 e3 41.
h5 gxh5 42. Bxh5 e4 43. Qd8+ Kh7 44. Bxf7 Qd2+ 45. Qxd2 exd2 46. Bb3 Be5+ 47.
Kh3 Bd7+ 48. Kh4 Bf4 49. Bc2 Bf5 50. Kh5 Kg7 51. Bd4+ Kf8 52. g6 Be6 53. Bd1 e3
54. Kh4 Bc4 0-1

[Event "Moscow Open D University Women"]
[Site "Moscow RUS"]
[Date "2011.02.06"]
[Round "9.8"]
[White "Zarivkina, Victorya"]
[Black "Minina, Veronika"]
[Result "0-1"]
[WhiteTitle "WFM"]
[WhiteElo "2084"]
[BlackElo "2133"]
[WhiteFideId "24107662"]
[BlackFideId "4174780"]
[EventDate "2011.01.29"]

1. e4 c5 2. Nf3 Nc6 3. d4 cxd4 4. Nxd4 g6 5. Be3 Nf6 6. Nc3 Bg7 7. f3 O-O 8. Bc4
Qb6 9. Qd3 Ne5 10. Qe2 Qxb2 11. Kd2 Qb4 12. Bb3 Nc6 13. a3 Qd6 14. Qd3 Nxd4 15.
Bxd4 Nxe4+ 16. Nxe4 Qxd4 17. Qxd4 Bxd4 18. Rad1 d6 19. Rhe1 Bd7 20. Kc1 Bg7 21.
Ng5 Bf6 22. Ne4 Kg7 23. Re2 Bb5 24. Re3 Be5 25. g3 Rac8 26. f4 Bf6 27. g4 Bh4
28. Rh3 Bc4 29. Kb1 d5 30. Nc3 Bxb3 31. cxb3 e6 32. Nxd5 exd5 33. Rxh4 Rc3 34.
Rxd5 Rfc8 35. b4 Rxa3 36. Kb2 Rf3 37. f5 Rc4 38. Rb5 g5 39. f6+ 0-1

[Event "Moscow Open D University Women"]
[Site "Moscow RUS"]
[Date "2011.02.06"]
[Round "9.9"]
[White "Fyodorova, Irina"]
[Black "Dibirova, Umayganat"]
[Result "1/2-1/2"]
[WhiteElo "1951"]
[BlackElo "1871"]
[WhiteFideId "4116950"]
[BlackFideId "4138503"]
[EventDate "2011.01.29"]

1. d4 d5 2. e3 c6 3. Bd3 Nf6 4. f4 e6 5. Nd2 c5 6. c3 Nc6 7. Ngf3 a6 8. O-O b5
9. Ne5 Bb7 10. Qf3 c4 11. Bc2 b4 12. g4 Qa5 13. g5 bxc3 14. bxc3 Nd7 15. e4
Ncxe5 16. fxe5 O-O-O 17. Rb1 Be7 18. Qxf7 Qxc3 19. Qxe7 Qxc2 20. Qb4 Bc6 21. Rf7
Qd1+ 22. Kg2 Rhf8 23. Qd6 Qe2+ 24. Kg3 Qe1+ 25. Kh3 Bb5 26. Rxb5 axb5 27. Qa6+
Kc7 28. Ba3 Qe3+ 29. Nf3 Qxf3+ 30. Rxf3 Rxf3+ 31. Kg2 Rxa3 32. Qxa3 Nb6 33. Qc5+
Kb7 34. exd5 Rxd5 35. Qe7+ Ka6 36. Qxe6 Rxd4 37. Qc6 Rg4+ 38. Kf3 Rxg5 39. e6
Re5 40. Qd6 Re1 41. e7 c3 42. Qc5 c2 43. Qxc2 Rxe7 44. Qxh7 Rf7+ 45. Kg3 Rd7 46.
Qg6 Ka5 47. h4 b4 48. h5 Rc7 49. Qh7 Ka4 50. Qg6 Kb5 51. Kf2 Nd5 52. Qd6 Rc2+
53. Ke1 Nf6 54. Qb8+ Kc4 55. Qc7+ Kd3 56. Qg3+ Kd4 57. Qxg7 Rxa2 58. Qxf6+ Kd3
59. h6 b3 60. h7 b2 61. Qxb2 Rxb2 62. h8=Q Rb1+ 63. Kf2 Rb4 64. Qh3+ Kc4 65.
Qe6+ Kc5 66. Ke3 Rb6 67. Qe5+ Kc6 68. Kd3 Rb5 69. Qe4+ Kd6 70. Kc4 Rc5+ 71. Kd4
Rb5 72. Qg6+ Kc7 73. Qe6 Rb6 74. Qe5+ Kc6 75. Qd5+ Kc7 76. Kc5 Ra6 77. Qf7+ Kb8
78. Qd7 Ra7 79. Qd8+ Kb7 80. Qb6+ Ka8 81. Kd6 Rd7+ 82. Kc5 Rc7+ 1/2-1/2

[Event "Moscow Open D University Women"]
[Site "Moscow RUS"]
[Date "2011.02.06"]
[Round "9.10"]
[White "Velichko, Tatiana"]
[Black "Ektova, Elena"]
[Result "1/2-1/2"]
[WhiteElo "1861"]
[BlackElo "1806"]
[WhiteFideId "24150070"]
[BlackFideId "24124419"]
[EventDate "2011.01.29"]

1. e4 c6 2. d4 d5 3. Nc3 dxe4 4. Nxe4 Bf5 5. Ng3 Bg6 6. h4 h6 7. Nf3 Nd7 8. Bd3
Bxd3 9. Qxd3 e6 10. Bd2 Ngf6 11. O-O-O Be7 12. Ne4 Nxe4 13. Qxe4 Nf6 14. Qe2 Qd5
15. c4 Qe4 16. Qxe4 Nxe4 17. Be3 O-O 18. d5 cxd5 19. cxd5 Rfc8+ 20. Kb1 exd5 21.
Rxd5 Bc5 22. Bxc5 Rxc5 23. Rxc5 Nxc5 24. Rc1 Nd3 25. Rc7 b6 26. Rc2 Re8 27. Rd2
Ne1 28. Nxe1 Rxe1+ 29. Kc2 Kf8 30. Kd3 Ke7 31. Kc4 a6 32. Kd5 Re6 33. Kc4 1/2-1/2

[Event "Moscow Open D University Women"]
[Site "Moscow RUS"]
[Date "2011.02.06"]
[Round "9.11"]
[White "Selifonova, Aleksandra"]
[Black "Grabovets, Nadezhda"]
[Result "0-1"]
[WhiteElo "1843"]
[BlackElo "1879"]
[WhiteFideId "24115983"]
[BlackFideId "24102164"]
[EventDate "2011.01.29"]

1. e4 e5 2. Nf3 d6 3. d4 exd4 4. Nxd4 Nf6 5. Nc3 Be7 6. Bc4 O-O 7. O-O c6 8. Re1
b5 9. Bd3 b4 10. Nce2 c5 11. Nf3 Bb7 12. Ng3 Nbd7 13. Nf5 Re8 14. Bf4 Bf8 15.
Bxd6 Bxe4 16. Bxf8 Nxf8 17. Ng3 Bxd3 18. Rxe8 Nxe8 19. cxd3 Ne6 20. Qb3 Nd4 21.
Nxd4 Qxd4 22. Re1 g6 23. Re4 Qd6 24. h3 Nf6 25. Re3 Rd8 26. Qc4 Qd4 27. Re7 Qxc4
28. dxc4 Rd1+ 29. Kh2 Rd2 30. Re2 Rxe2 31. Nxe2 Ne4 32. f3 Nd6 33. b3 Kg7 34.
Nc1 Kf6 35. Nd3 Nb7 36. f4 Kf5 37. Kg3 Ke4 38. Ne5 f5 39. Nf3 Kd3 40. Kf2 Kc3
41. Ke3 Kb2 42. Kd3 Na5 43. Nd2 Nc6 44. Nf3 Kxa2 45. Kc2 a5 46. Nd2 Nd4+ 47. Kd1
Nxb3 48. Nf1 Nd4 0-1